[Event "GER-ch53 V05 email"]
[Site "GER email"]
[Date "2021.04.21"]
[Round "?"]
[White "Hausdorf, Heinz"]
[Black "Naeter, Burkhard"]
[Result "1/2-1/2"]
[WhiteElo "2079"]
[BlackElo "2078"]
[PlyCount "73"]
[EventDate "2021.04.21"]
[EventType "tourn (corr)"]
[EventRounds "10"]
[EventCountry "GER"]
[SourceTitle "Corr 2024"]
[Source "ChessBase"]
[SourceDate "2023.10.19"]
[SourceVersion "1"]
[SourceVersionDate "2023.10.19"]
[SourceQuality "1"]

1. e4 e5 2. Nf3 Nc6 3. Bc4 Bc5 4. c3 Nf6 5. b4 Be7 6. d3 0-0 7. Qb3 a5 8. 0-0 axb4 9. cxb4 Bxb4 10. Nxe5 Nxe5 11. Qxb4 d5 12. exd5 Nxd5 13. Qb3 Be6 14. Re1 Ng4 15. h3 Nxf2 16. Kxf2 b5 17. Bxd5 Bxd5 18. Qb2 Ra6 19. Re5 Re6 20. Nd2 Qh4+ 21. Kg1 Qg3 22. Re4 Bxe4 23. dxe4 Rg6 24. Nf1 Qxh3 25. a4 Qd3 26. axb5 Qxe4 27. Ra7 Rc8 28. Be3 h6 29. Ra6 Re8 30. Rxg6 Qxg6 31. b6 cxb6 32. Qxb6 Qxb6 33. Bxb6 g5 34. Bf2 f5 35. Nh2 f4 36. g3 fxg3 37. Bxg3 1/2-1/2

[Event "GER-ch53 V05 email"]
[Site "GER email"]
[Date "2021.04.21"]
[Round "?"]
[White "Ott, Peter"]
[Black "Hausdorf, Heinz"]
[Result "1/2-1/2"]
[WhiteElo "1986"]
[BlackElo "2079"]
[PlyCount "71"]
[EventDate "2021.04.21"]
[EventType "tourn (corr)"]
[EventRounds "10"]
[EventCountry "GER"]
[SourceTitle "Corr 2024"]
[Source "ChessBase"]
[SourceDate "2023.10.19"]
[SourceVersion "1"]
[SourceVersionDate "2023.10.19"]
[SourceQuality "1"]

1. c4 d6 2. d4 e5 3. Nc3 exd4 4. Qxd4 Nc6 5. Qd2 Nf6 6. e4 g6 7. Bd3 Bg7 8. Nge2 0-0 9. 0-0 Re8 10. b3 a6 11. Bb2 Ne5 12. Nd5 Nfg4 13. Ndf4 Qh4 14. h3 Bh6 15. Rad1 Nf3+ 16. gxf3 Ne5 17. Bxe5 dxe5 18. Ng2 Qxh3 19. Qc2 Qxf3 20. Ne1 Qf6 21. Kg2 Bg4 22. Rh1 Rad8 23. f3 Bc8 24. Nc3 c6 25. Qf2 Bg5 26. c5 Be6 27. Na4 h5 28. Kf1 h4 29. Nb2 h3 30. Ke2 Kg7 31. Bc4 Bc8 32. Nbd3 a5 33. a4 Rh8 34. Qg3 Bf4 35. Qf2 Bg5 36. Qg3 1/2-1/2

[Event "GER-ch51 V08 email"]
[Site "GER email"]
[Date "2019.04.14"]
[Round "?"]
[White "Milde, Lars"]
[Black "Hausdorf, Heinz"]
[Result "1/2-1/2"]
[WhiteElo "2340"]
[BlackElo "2287"]
[PlyCount "82"]
[EventDate "2019.??.??"]
[EventType "tourn (corr)"]
[EventRounds "10"]
[EventCountry "GER"]
[SourceTitle "Corr 2020"]
[Source "ChessBase"]
[SourceDate "2019.09.30"]
[SourceVersion "1"]
[SourceVersionDate "2019.09.30"]
[SourceQuality "1"]

1. e4 e5 2. Nc3 Nf6 3. g3 Bc5 4. Bg2 Nc6 5. d3 h6 6. Nge2 0-0 7. 0-0 a5 8. h3 d6 9. Kh2 a4 10. a3 Nd4 11. f4 Nxe2 12. Qxe2 c6 13. Be3 Qb6 14. Bd2 exf4 15. gxf4 d5 16. Rae1 Kh8 17. e5 Re8 18. Bf3 Bf5 19. Qg2 Ng8 20. Bc1 Ne7 21. Ne2 Rg8 22. Ng3 g6 23. Qd2 Rg7 24. Rd1 Qc7 25. d4 Ba7 26. Nxf5 Nxf5 27. c3 Rag8 28. Qd3 Qe7 29. Be3 Bb6 30. Bf2 Qe6 31. Rde1 Bd8 32. Bg4 h5 33. Bd1 b5 34. Bc2 f6 35. Rg1 Rf8 36. Ref1 Kg8 37. Qe2 fxe5 38. dxe5 Be7 39. Bd3 Kh8 40. Rg2 Kg8 41. Rgg1 Kh8 1/2-1/2

[Event "GER-ch51 V08 email"]
[Site "GER email"]
[Date "2019.04.14"]
[Round "?"]
[White "Tacke, Hubert"]
[Black "Hausdorf, Heinz"]
[Result "1/2-1/2"]
[WhiteElo "2061"]
[BlackElo "2287"]
[PlyCount "59"]
[EventDate "2019.??.??"]
[EventType "tourn (corr)"]
[EventRounds "10"]
[EventCountry "GER"]
[SourceTitle "Corr 2022"]
[Source "ChessBase"]
[SourceDate "2021.10.24"]
[SourceVersion "1"]
[SourceVersionDate "2021.10.24"]
[SourceQuality "1"]

1. d4 d5 2. Nf3 Nf6 3. c4 e6 4. Nc3 Be7 5. Bf4 0-0 6. e3 c5 7. dxc5 Bxc5 8. Qc2 Nc6 9. a3 Qa5 10. Rd1 Be7 11. Be2 Ne4 12. cxd5 Nxc3 13. bxc3 exd5 14. 0-0 h6 15. a4 Rd8 16. h3 Bd6 17. Bxd6 Rxd6 18. c4 Be6 19. c5 Rdd8 20. Rb1 Qc7 21. Bb5 Rdc8 22. Nd4 Nd8 23. Rfc1 Qe7 24. a5 a6 25. Ba4 Rc7 26. Rb3 Rac8 27. Rc3 Kh8 28. Kh1 Qh4 29. Kg1 Qe7 30. Kh1 1/2-1/2